[Event "Waikato Open 2016"]
[Site "Hamilton NZL"]
[Date "2016.07.30"]
[Round "3.1"]
[White "Gong, Daniel Hanwen"]
[Black "Hague, Ben"]
[Result "1/2-1/2"]
[WhiteElo "2264"]
[BlackElo "2480"]
[PlyCount "90"]
[EventDate "2016.07.29"]

1. c4 c5 2. g3 Nc6 3. Bg2 g6 4. Nc3 Bg7 5. Nf3 e6 6. e3 Nge7 7. d4 cxd4 8. Nxd4
O-O 9. O-O d5 10. cxd5 exd5 11. Nce2 Bg4 12. h3 Be6 13. Bd2 Qd7 14. Kh2 Ne5 15.
Bc3 Rac8 16. Nf4 h5 17. Nd3 Nc4 18. Nxe6 fxe6 19. Bxg7 Kxg7 20. b3 Nd6 21. Ne5
Qc7 22. h4 Ne4 23. Bxe4 Qxe5 24. Bg2 Nf5 25. Kg1 Rc3 26. Qd2 b5 27. b4 Nd6 28.
Rfc1 Rfc8 29. a4 Rc2 30. Rxc2 Qxa1+ 31. Kh2 Rxc2 32. Qxc2 bxa4 33. Qc7+ Nf7 34.
Qxa7 a3 35. b5 a2 36. b6 Qb1 37. b7 a1=Q 38. Qxa1+ Qxa1 39. b8=Q Qe5 40. Qe8
Qf6 41. Kg1 Ne5 42. Qc8 Ng4 43. Qc2 Kh6 44. Bh3 Ne5 45. Bg2 Ng4 1/2-1/2

[Event "Waikato Open 2016"]
[Site "Hamilton NZL"]
[Date "2016.07.30"]
[Round "3.2"]
[White "Dive, Russell J"]
[Black "Dare, Richard J"]
[Result "1-0"]
[WhiteElo "2440"]
[BlackElo "1815"]
[PlyCount "93"]
[EventDate "2016.07.29"]

1. Nf3 d5 2. g3 Nf6 3. Bg2 g6 4. O-O Bg7 5. c4 dxc4 6. Na3 O-O 7. Nxc4 c6 8.
Qc2 Na6 9. a3 Be6 10. d3 Nd7 11. Bd2 Nc7 12. Rac1 Nb5 13. a4 Nd4 14. Nxd4 Bxd4
15. b4 Nb6 16. Na5 Qd7 17. Nb3 Bxb3 18. Qxb3 Rac8 19. a5 Na8 20. a6 bxa6 21.
Qa4 Nb6 22. Qxa6 c5 23. e3 Bg7 24. bxc5 Na4 25. c6 Qg4 26. d4 Nb6 27. Qxa7 Qe2
28. Bb4 Nc4 29. Qa6 Rxc6 30. Bxc6 h5 31. Qxc4 Qg4 32. Bxe7 h4 33. Bxf8 hxg3 34.
hxg3 Bxf8 35. Bd5 Bh6 36. Qc8+ Qxc8 37. Rxc8+ Kg7 38. Rc7 Bg5 39. Rxf7+ Kh6 40.
Kg2 Bh4 41. Rh1 g5 42. Be4 g4 43. Rxh4+ Kg5 44. Rf5+ Kg6 45. Rxg4+ Kh6 46. Kh3
Kh7 47. Rh5# 1-0

[Event "Waikato Open 2016"]
[Site "Hamilton NZL"]
[Date "2016.07.30"]
[Round "3.3"]
[White "Marko, Helmut S"]
[Black "Ang, Alphaeus Wei Ern"]
[Result "0-1"]
[WhiteElo "2075"]
[BlackElo "2210"]
[PlyCount "54"]
[EventDate "2016.07.29"]

1. Nf3 Nf6 2. g3 g6 3. Bg2 Bg7 4. O-O O-O 5. c4 d6 6. Nc3 e5 7. d3 Nc6 8. Bd2
Re8 9. Rb1 a5 10. a3 h6 11. b4 axb4 12. axb4 e4 13. dxe4 Nxe4 14. Nxe4 Rxe4 15.
Rc1 Qe8 16. e3 Be6 17. Nd4 Bg4 18. Ne2 Nd4 19. f3 Rxe3 20. Nxd4 Bxd4 21. Kh1
Re2 22. Bxh6 c5 23. bxc5 dxc5 24. Bd2 Ra2 25. Rc2 Rxc2 26. Qxc2 Rxg2 27. Qd1
Re2 0-1

[Event "Waikato Open 2016"]
[Site "Hamilton NZL"]
[Date "2016.07.30"]
[Round "3.4"]
[White "Fan, Allen Chi Zhou"]
[Black "Gibbons, Robert E"]
[Result "1-0"]
[WhiteElo "2053"]
[BlackElo "2083"]
[PlyCount "51"]
[EventDate "2016.07.29"]

1. Nf3 Nf6 2. c4 c5 3. g3 g6 4. Bg2 Nc6 5. d4 cxd4 6. Nxd4 Bg7 7. O-O Qb6 8.
Nb3 d6 9. Nc3 Bd7 10. Be3 Qd8 11. c5 Be6 12. cxd6 exd6 13. Nb5 d5 14. Bc5 Bf8
15. Qc1 a6 16. Bxf8 Kxf8 17. Qc5+ Qe7 18. Nd6 Nd7 19. Qa3 b5 20. Nxb5 Nb4 21.
Nc7 Ra7 22. Nxe6+ fxe6 23. Nd4 Ne5 24. Qc3 Kf7 25. a3 Rc7 26. Qxb4 1-0

[Event "Waikato Open 2016"]
[Site "Hamilton NZL"]
[Date "2016.07.30"]
[Round "3.5"]
[White "Wagner, Stefan"]
[Black "James, Jack"]
[Result "0-1"]
[WhiteElo "1963"]
[BlackElo "2118"]
[PlyCount "26"]
[EventDate "2016.07.29"]

1. e4 e5 2. Nf3 d6 3. Bc4 c6 4. Nc3 h6 5. h3 Nd7 6. d4 Qc7 7. Be3 Ngf6 8. Qd2
Be7 9. O-O g5 10. Bxg5 hxg5 11. Nxg5 Rf8 12. f4 exd4 13. Qxd4 d5 0-1

[Event "Waikato Open 2016"]
[Site "Hamilton NZL"]
[Date "2016.07.30"]
[Round "3.6"]
[White "Timergazi, Layla"]
[Black "Mistry, Prashant"]
[Result "1-0"]
[WhiteElo "2105"]
[BlackElo "1646"]
[PlyCount "97"]
[EventDate "2016.07.29"]

1. d4 Nf6 2. c4 e6 3. Nc3 Bb4 4. e3 O-O 5. Nge2 d5 6. a3 Be7 7. Ng3 c5 8. cxd5
Nxd5 9. Nxd5 Qxd5 10. dxc5 Qxd1+ 11. Kxd1 Bxc5 12. Bd3 f5 13. b4 Be7 14. Bb2
Bf6 15. Bxf6 Rxf6 16. Rc1 Nc6 17. Ke2 Bd7 18. Rhd1 Ne5 19. Rc7 Ba4 20. Rdc1
Nxd3 21. Kxd3 Bb5+ 22. Kc3 Bc6 23. b5 Bxb5 24. Rxb7 Rc8+ 25. Kb2 Rxc1 26. Kxc1
a6 27. Nh5 Rf7 28. Rb8+ Rf8 29. Rxf8+ Kxf8 30. Kc2 Kf7 31. Nf4 Bf1 32. g3 e5
33. Nd3 Ke6 34. Ne1 Kf6 35. Kc3 g5 36. Kb4 Be2 37. Kc5 Kg6 38. Kd5 e4 39. Nc2
Bd3 40. Nd4 Kf6 41. Kd6 h5 42. Nc6 h4 43. Nb4 Kg6 44. Ke5 Bf1 45. Nd5 hxg3 46.
hxg3 Bc4 47. Ne7+ Kf7 48. Nxf5 Bd3 49. Nd6+ 1-0

[Event "Waikato Open 2016"]
[Site "Hamilton NZL"]
[Date "2016.07.30"]
[Round "3.7"]
[White "Carbonnier, Arnaud"]
[Black "Bennett, Hilton"]
[Result "1-0"]
[WhiteElo "1736"]
[BlackElo "2074"]
[PlyCount "121"]
[EventDate "2016.07.29"]

1. d4 Nf6 2. c4 g6 3. Nc3 Bg7 4. e4 d6 5. Be3 O-O 6. f3 c6 7. Qd2 a6 8. Bh6
Bxh6 9. Qxh6 b5 10. Nge2 b4 11. Nd1 e5 12. d5 cxd5 13. cxd5 Nbd7 14. Ng3 Nc5
15. Bc4 Qb6 16. Ne3 Na4 17. Rb1 Qd8 18. O-O Kh8 19. Nd1 Bd7 20. Qd2 a5 21. Bd3
Nc5 22. b3 Qb6 23. Qf2 Rab8 24. Be2 a4 25. Ne3 axb3 26. axb3 Ra8 27. Nc4 Qb8
28. Nxe5 Ra2 29. Nc4 Ne8 30. Qd4+ f6 31. Rfc1 Na6 32. Ra1 Rxa1 33. Rxa1 Nc5 34.
Qb2 Bb5 35. Nd2 Nc7 36. Bc4 Qb6 37. Qd4 Bd7 38. f4 Nb5 39. Bxb5 Bxb5 40. e5
fxe5 41. fxe5 dxe5 42. Qxe5+ Kg8 43. Qd4 Nd7 44. Qxb6 Nxb6 45. d6 Rd8 46. Nge4
Nd5 47. Ra5 Bc6 48. Nc4 Nf4 49. Re5 Nd3 50. Re7 Bxe4 51. Rxe4 Ra8 52. h3 Kf8
53. Re7 h5 54. Kh2 Nc5 55. Ne5 Nxb3 56. Rf7+ Kg8 57. Rb7 Nd2 58. Rxb4 Rd8 59.
d7 Nf1+ 60. Kg1 Ng3 61. Rc4 1-0

[Event "Waikato Open 2016"]
[Site "Hamilton NZL"]
[Date "2016.07.30"]
[Round "3.8"]
[White "Russell, M K A."]
[Black "Lynn, K William"]
[Result "1-0"]
[WhiteElo "2214"]
[BlackElo "1858"]
[PlyCount "43"]
[EventDate "2016.07.29"]

1. d4 f5 2. Nc3 Nf6 3. Bf4 c6 4. e3 d6 5. Bd3 Qa5 6. Nf3 Nd5 7. O-O Nxc3 8. Qd2
e6 9. bxc3 Be7 10. e4 O-O 11. exf5 exf5 12. Rfe1 Qd8 13. Ng5 Rf6 14. Qe2 Bf8
15. Qh5 h6 16. Re8 Qd7 17. Rae1 hxg5 18. Bxg5 g6 19. Qh6 Rf7 20. Qxg6+ Rg7 21.
Rxf8+ Kxf8 22. Bh6 1-0

[Event "Waikato Open 2016"]
[Site "Hamilton NZL"]
[Date "2016.07.30"]
[Round "3.9"]
[White "Picken, Oliver"]
[Black "Nolan, Graham"]
[Result "1-0"]
[WhiteElo "1751"]
[BlackElo "1968"]
[PlyCount "77"]
[EventDate "2016.07.29"]

1. e4 e6 2. Nf3 d5 3. e5 c5 4. b4 cxb4 5. d4 Nc6 6. a3 Qc7 7. axb4 Bxb4+ 8. c3
Bf8 9. Ba3 Bxa3 10. Nxa3 a6 11. Nb5 axb5 12. Rxa8 Nge7 13. Bd3 h6 14. Ra1 O-O
15. O-O b4 16. cxb4 Nxb4 17. Rc1 Nbc6 18. Bb1 Qd8 19. Qd3 g6 20. Qd2 Kg7 21.
Qf4 f5 22. Qg3 Bd7 23. h4 f4 24. Qg4 h5 25. Qh3 Nf5 26. Bxf5 Rxf5 27. Rfd1 Na5
28. Ng5 Nc4 29. Qb3 b6 30. Qb4 Bc8 31. Ra1 Rf8 32. Ra7+ Kg8 33. Nh7 Rf7 34.
Nf6+ Kg7 35. Rda1 Na5 36. Ra8 Rc7 37. Qxb6 Rc1+ 38. Rxc1 Qxb6 39. Rc7+ 1-0

[Event "Waikato Open 2016"]
[Site "Hamilton NZL"]
[Date "2016.07.30"]
[Round "3.10"]
[White "Dolejs, Dan"]
[Black "Ha, Huy Minh (Timothy)"]
[Result "1-0"]
[WhiteElo "1948"]
[BlackElo "1746"]
[PlyCount "69"]
[EventDate "2016.07.29"]

1. e4 e6 2. Nf3 d5 3. exd5 exd5 4. d4 Nf6 5. Nc3 Bd6 6. Be3 O-O 7. Bd3 b6 8.
Qd2 c5 9. O-O c4 10. Be2 Bb4 11. a3 Ne4 12. Qe1 Nxc3 13. axb4 Nxe2+ 14. Qxe2 b5
15. h3 Nc6 16. c3 Bf5 17. Qd2 f6 18. Ra6 Qe8 19. Bf4 Bc8 20. Ra3 Qd7 21. Re1
Re8 22. Rxe8+ Qxe8 23. Bd6 Bb7 24. Bc5 a5 25. bxa5 Nxa5 26. Qf4 Nb3 27. Rxa8
Bxa8 28. Qd6 Bc6 29. Nh4 Kf7 30. Nf5 Qd7 31. Qf8+ Kg6 32. Ne7+ Kh6 33. Bd6 Qe6
34. Bf4+ Kh5 35. Qxg7 1-0

[Event "Waikato Open 2016"]
[Site "Hamilton NZL"]
[Date "2016.07.30"]
[Round "3.11"]
[White "Lourenco, Eva"]
[Black "Post, Martin J"]
[Result "0-1"]
[WhiteElo "1099"]
[BlackElo "1933"]
[Annotator "heligan"]
[PlyCount "98"]
[EventDate "2016.07.29"]

1. d4 Nf6 2. Bf4 d6 3. e3 c6 4. Nf3 Bg4 5. c3 Nbd7 6. h3 Bh5 7. Be2 b5 8. Nbd2
Qc7 9. Bh2 h6 10. Nh4 Bxe2 11. Qxe2 g6 12. f4 Bg7 13. O-O O-O 14. e4 e5 15.
fxe5 dxe5 16. dxe5 Nxe5 17. Nhf3 Qb6+ 18. Kh1 Nfd7 19. Nxe5 Nxe5 20. Bg1 Qc7
21. a4 a6 22. axb5 cxb5 23. Rac1 Qd6 24. Bh2 Qd3 25. Qxd3 Nxd3 26. Rb1 Rfe8 27.
Rf3 Rad8 28. Bg1 Ne5 29. Rf2 h5 30. Re2 Bh6 31. Nf3 Nxf3 32. gxf3 Rd3 33. Kg2
Bf4 34. Bf2 Re5 35. h4 Re8 36. Ra1 Re6 37. Bg3 Be3 38. Rb1 a5 39. Bf2 Bh6 40.
Rc2 Rf6 41. e5 Rfxf3 42. Re1 Rf5 43. e6 fxe6 44. Rxe6 Kf7 45. Rce2 Rd7 46. Rb6
Bg7 47. Ra6 a4 48. Ra7 Rxa7 49. Bxa7 Rf6 {and the rest is illegible.} 0-1

[Event "Waikato Open 2016"]
[Site "Hamilton NZL"]
[Date "2016.07.30"]
[Round "3.12"]
[White "Hothersall, Rik"]
[Black "Wright, Caleb"]
[Result "0-1"]
[WhiteElo "1959"]
[BlackElo "1951"]
[PlyCount "94"]
[EventDate "2016.07.29"]

1. c4 d6 2. Nc3 g6 3. g3 Bg7 4. Bg2 f5 5. d3 e5 6. e3 Nf6 7. Nge2 O-O 8. b4 c6
9. Rb1 Be6 10. O-O d5 11. cxd5 cxd5 12. a4 Nbd7 13. Ba3 Re8 14. Qd2 Bf8 15.
Rfc1 Rc8 16. f4 Bf7 17. Kh1 b6 18. Nb5 a6 19. Rxc8 Qxc8 20. Rc1 Qb8 21. Nbc3
Rc8 22. Qb2 b5 23. axb5 axb5 24. fxe5 Nxe5 25. Qd2 Nc6 26. Na2 Qa7 27. Bb2 Ng4
28. Bd4 Qd7 29. h3 Nge5 30. Bc5 Bh6 31. Nac3 d4 32. Nxb5 Bxe3 33. Qd1 Bxc1 34.
Nxc1 Nxb4 35. Bxd4 Qxb5 36. Qd2 Rc2 37. Qe3 Nbc6 38. Ne2 Rxe2 39. Qxe2 Nxd4 40.
Qe3 Nec6 41. Kh2 Qe5 42. Qc1 Qe2 43. Kh1 Nf3 44. d4 Ncxd4 45. Bxf3 Qxf3+ 46.
Kh2 Qf2+ 47. Kh1 Bd5# 0-1